Bronski beat ; Frankie goes to Hollywood /

Guardat en:
Dades bibliogràfiques
Autor principal: Zinsenheim, Roy (Autor)
Format: Llibre
Idioma:italià
Publicat: \Milano! : Gammalibri, 1985
Col·lecció:Musica
Matèries:
Etiquetes: Afegir etiqueta
Sense etiquetes, Sigues el primer a etiquetar aquest registre!

MARC

LEADER 00000nam a22000007i 4500
001 IT\ICCU\VIA\0006216
003 ItRI
005 20260115232344.0
008 910212s1985 it |||||| ||||| |||||c
040 |b ita  |c importazione bologna sebina 
041 7 |a ita  |2 ISO-639-2 
100 1 |a Zinsenheim, Roy  |0 IT\ICCU\CFIV\019153  |4 aut 
245 1 0 |a Bronski beat ; Frankie goes to Hollywood /  |c Roy Zinsenheim. 
260 |a \Milano! :  |b Gammalibri,  |c 1985 
300 |a 97 p. :  |b ill. ;  |c 21 cm. 
650 7 |a Frankie goes to Holliwood <gruppo musicale>  |2 scbi 
650 7 |a Bronski beat <gruppo musicale>  |2 scbi 
777 1 |w IT\ICCU\VIA\0013024  |t Frankie goes to Hollywood  |a Zinsenheim, Roy  |0 IT\ICCU\CFIV\019153 
830 0 |a Musica  |0 IT\ICCU\SBL\0343167 
942 |2 ddc  |c BK  |n 0 
952 |0 0  |1 0  |4 0  |6 DOC_780_800000000000000_ZIN  |7 0  |9 24726  |a BO  |b BO  |d 2026-01-15  |i 1402  |l 0  |o DOC 780.8 ZIN  |p BO1402  |r 2026-01-15 23:23:44  |w 2026-01-15  |x [Sebina 5] [1 v.]  |y BK  |z 1 v. 
952 |0 0  |1 0  |4 0  |6 DOC_780_800000000000000_ZIN  |7 0  |9 24727  |a BO  |b BO  |d 2026-01-15  |i 2816  |l 0  |o DOC 780.8 ZIN  |p BO2816  |r 2026-01-15 23:23:44  |w 2026-01-15  |x [Sebina 5] [1 v.]  |y BK  |z 1 v. 
999 |c 21018  |d 21018